COMPUTING WITH LOGIC, LOGIC PROGRAMMING WITH PROTOZ (Record no. 574433)
[ view plain ]
| 000 -LEADER | |
|---|---|
| fixed length control field | 00308nam a22001217a 4500 |
| 020 ## - INTERNATIONAL STANDARD BOOK NUMBER | |
| International Standard Book Number | 0-8053-6681-4 |
| 082 ## - DEWEY DECIMAL CLASSIFICATION NUMBER | |
| Classification number | 005.133 MAI'C |
| 100 ## - MAIN ENTRY--PERSONAL NAME | |
| Personal name | WARREN, D.S, MAIER, D |
| 9 (RLIN) | 66461 |
| 245 ## - TITLE STATEMENT | |
| Title | COMPUTING WITH LOGIC, LOGIC PROGRAMMING WITH PROTOZ |
| 260 ## - PUBLICATION, DISTRIBUTION, ETC. | |
| Place of publication, distribution, etc. | TOKYO |
| Name of publisher, distributor, etc. | BENJAMIN |
| Date of publication, distribution, etc. | 1988 |
| 300 ## - PHYSICAL DESCRIPTION | |
| Extent | 535P |
| 942 ## - ADDED ENTRY ELEMENTS (KOHA) | |
| Koha item type | Book |
| Withdrawn status | Lost status | Damaged status | Not for loan | Permanent Location | Current Location | Shelving location | Date acquired | Total Checkouts | Full call number | Barcode | Date last seen | Price effective from | Koha item type |
|---|---|---|---|---|---|---|---|---|---|---|---|---|---|
| College of Electrical & Mechanical Engineering (CEME) | College of Electrical & Mechanical Engineering (CEME) | General Stacks | 07/31/2017 | 005.133 MAI'C | CEME-22729 | 06/28/2021 | 06/28/2021 | Book |
